[Event "IND-ch (Women) 48th"]
[Site "Hatkanangale"]
[Date "2022.12.28"]
[Round "3"]
[White "Harini, S."]
[Black "Cera, Dagaria"]
[Result "1/2-1/2"]
[WhiteElo "1918"]
[BlackElo "1586"]
[PlyCount "97"]
[EventDate "2022.12.26"]
[EventType "swiss"]
[EventRounds "11"]
[EventCountry "IND"]
[SourceTitle "CBM 212 Extra"]
[Source "ChessBase"]
[SourceDate "2023.03.31"]
[SourceVersion "1"]
[SourceVersionDate "2023.03.31"]
[SourceQuality "1"]

1. e4 e5 2. Nf3 Nc6 3. Bb5 a6 4. Ba4 Nf6 5. 0-0 b5 6. Bb3 Bc5 7. a4 Rb8 8. axb5 axb5 9. Nxe5 Nxe5 10. d4 Bxd4 11. Qxd4 d6 12. f4 c5 13. Qc3 Neg4 14. e5 c4 15. exf6 Qb6+ 16. Be3 Nxe3 17. Re1 0-0 18. Qxe3 cxb3 19. Qxb6 Rxb6 20. Nc3 bxc2 21. Nd5 Ra6 22. Rac1 gxf6 23. Rxc2 Be6 24. Ne7+ Kg7 25. Rc3 Ra7 26. Nc6 Ra4 27. Rf1 Rc8 28. f5 Bd7 29. Rfc1 Bxc6 30. Rxc6 Rxc6 31. Rxc6 Rb4 32. Rxd6 Rxb2 33. Rb6 b4 34. h3 b3 35. Kh2 Rb1 36. Kg3 b2 37. Kh4 Kf8 38. Rb7 Kg7 39. g4 Kf8 40. Rb6 Ke7 41. Rb8 Kd6 42. Rb3 Kc5 43. Rb8 Kd4 44. Rd8+ Ke3 45. Re8+ Kf3 46. Rb8 Ke4 47. Re8+ Kf4 48. Rb8 Kf3 49. Rb3+ 1/2-1/2

[Event "IND-ch U15 Girls 38th"]
[Site "New Delhi"]
[Date "2022.12.03"]
[Round "9"]
[White "Cera, Dagaria"]
[Black "Khuanna, Kapoor"]
[Result "1-0"]
[WhiteElo "1586"]
[BlackElo "1450"]
[PlyCount "131"]
[EventDate "2022.11.28"]
[EventType "swiss"]
[EventRounds "11"]
[EventCountry "IND"]
[SourceTitle "CBM 211 Extra"]
[Source "ChessBase"]
[SourceDate "2023.01.31"]
[SourceVersion "1"]
[SourceVersionDate "2023.01.31"]
[SourceQuality "1"]

1. e4 d5 2. exd5 Qxd5 3. Nc3 Qa5 4. Bc4 Nf6 5. h3 c6 6. Nf3 Bf5 7. d3 e6 8. 0-0 Nbd7 9. Bf4 Be7 10. a3 b5 11. Bb3 0-0 12. Nd4 Qb6 13. Nxf5 exf5 14. Qf3 g6 15. Ne2 Rfd8 16. Ng3 Bf8 17. Rae1 Rac8 18. h4 Nc5 19. Ba2 Nd5 20. Be5 Bg7 21. h5 Ne6 22. Nxf5 gxf5 23. Qg3 f4 24. Qg4 Kf8 25. Bxg7+ Nxg7 26. h6 Ne6 27. Re5 Qd4 28. Rfe1 Rd6 29. Qf5 Ke7 30. Qxh7 f3 31. Qg7 Qh4 32. Rf5 Rf8 33. h7 fxg2 34. Kxg2 Ndf4+ 35. Rxf4 Qxf4 36. Qxf8+ Kxf8 37. h8Q+ Ke7 38. Bxe6 Rxe6 39. Rxe6+ fxe6 40. Qg7+ Ke8 41. Qg3 Qd4 42. c3 Qd5+ 43. Kh2 Qh5+ 44. Kg1 Qd1+ 45. Kg2 a5 46. Qf3 Qb3 47. Qxc6+ Kf8 48. Qf3+ Ke7 49. Qe2 Qd5+ 50. Qe4 Qg5+ 51. Kh3 Qg1 52. Qb7+ Kd8 53. Qb6+ Ke7 54. Qc5+ Kf7 55. Qc7+ Ke8 56. Qc6+ Ke7 57. Qc7+ Ke8 58. Qg3 Qh1+ 59. Kg4 Qd5 60. Qf3 Qe5 61. Qe4 Qg7+ 62. Kh5 Qh8+ 63. Kg5 Ke7 64. Qb7+ Kd6 65. Qb6+ Ke7 66. Qc7+ 1-0

[Event "IND-ch U15 Girls 38th"]
[Site "New Delhi"]
[Date "2022.12.01"]
[Round "6"]
[White "Vakcheri, Mohitha"]
[Black "Cera, Dagaria"]
[Result "1-0"]
[WhiteElo "1535"]
[BlackElo "1586"]
[PlyCount "73"]
[EventDate "2022.11.28"]
[EventType "swiss"]
[EventRounds "11"]
[EventCountry "IND"]
[SourceTitle "CBM 211 Extra"]
[Source "ChessBase"]
[SourceDate "2023.01.31"]
[SourceVersion "1"]
[SourceVersionDate "2023.01.31"]
[SourceQuality "1"]

1. d4 Nf6 2. c4 c5 3. d5 b5 4. cxb5 a6 5. e3 g6 6. Nc3 Bg7 7. Nf3 Bb7 8. e4 d6 9. Be2 0-0 10. 0-0 axb5 11. Bxb5 Qa5 12. a4 Qb4 13. Re1 Ba6 14. Na2 Qa5 15. Bd2 Qc7 16. Nc3 Nfd7 17. Bxa6 Nxa6 18. Nb5 Qb6 19. Bc3 c4 20. Bxg7 Kxg7 21. Qc2 Rfc8 22. Qc3+ Kg8 23. Nfd4 Ne5 24. Qh3 Nc5 25. Re3 Qd8 26. Qh4 h5 27. Rg3 Kf8 28. f4 Ned3 29. Nc6 Qd7 30. f5 Kg7 31. fxg6 fxg6 32. Qg5 Qe8 33. Nxe7 Nxe4 34. Nf5+ Kg8 35. Qh6 Qe5 36. Rxg6+ Kf7 37. Qh7+ 1-0

[Event "IND-ch U15 Girls 38th"]
[Site "New Delhi"]
[Date "2022.11.30"]
[Round "4"]
[White "Cera, Dagaria"]
[Black "Khairmode, Dhanashree"]
[Result "1/2-1/2"]
[WhiteElo "1586"]
[BlackElo "1728"]
[PlyCount "86"]
[EventDate "2022.11.28"]
[EventType "swiss"]
[EventRounds "11"]
[EventCountry "IND"]
[SourceTitle "CBM 211 Extra"]
[Source "ChessBase"]
[SourceDate "2023.01.31"]
[SourceVersion "1"]
[SourceVersionDate "2023.01.31"]
[SourceQuality "1"]

1. e4 c5 2. Nf3 d6 3. d4 cxd4 4. Nxd4 Nf6 5. Bd3 a6 6. c4 g6 7. Nc3 Bg7 8. 0-0 0-0 9. h3 Nc6 10. Nde2 Bd7 11. Be3 Rc8 12. Rc1 Ne5 13. b3 Bc6 14. Ng3 Qa5 15. f4 Nxd3 16. Qxd3 b5 17. Qd2 bxc4 18. Nd5 Qd8 19. Nxf6+ Bxf6 20. Rxc4 d5 21. exd5 Qxd5 22. Rfc1 Qxd2 23. Bxd2 Bd7 24. Ne4 Bg7 25. Rxc8 Bd4+ 26. Kf1 Rxc8 27. Rxc8+ Bxc8 28. Bb4 Bb7 29. Bc5 Bb2 30. Nf2 e6 31. g3 h5 32. Ke2 h4 33. Nd3 Bf6 34. gxh4 Bxh4 35. Bf2 Bd8 36. b4 Bd5 37. a4 Bc7 38. Be3 Kf8 39. b5 axb5 40. axb5 Ke8 41. b6 Bb8 42. Nc5 Bd6 43. h4 Bxc5 1/2-1/2

[Event "IND-ch U15 Girls 38th"]
[Site "New Delhi"]
[Date "2022.11.28"]
[Round "1"]
[White "Cera, Dagaria"]
[Black "Vaishnavi, Bagri"]
[Result "1-0"]
[WhiteElo "1586"]
[BlackElo "1147"]
[PlyCount "69"]
[EventDate "2022.11.28"]
[EventType "swiss"]
[EventRounds "11"]
[EventCountry "IND"]
[SourceTitle "CBM 211 Extra"]
[Source "ChessBase"]
[SourceDate "2023.01.31"]
[SourceVersion "1"]
[SourceVersionDate "2023.01.31"]
[SourceQuality "1"]

1. e4 c5 2. Nf3 e6 3. d4 cxd4 4. Nxd4 a6 5. c4 Qc7 6. Nc3 Nc6 7. Be3 Nf6 8. Nxc6 dxc6 9. Bd3 Bb4 10. Rc1 c5 11. 0-0 Bxc3 12. Rxc3 b6 13. e5 Qxe5 14. Qf3 Qb8 15. Bf4 Qb7 16. Qe2 Bd7 17. Be5 Bc6 18. f3 h5 19. Qe3 Qe7 20. Rb3 b5 21. cxb5 Nd5 22. Qf2 axb5 23. Bxb5 Bxb5 24. Rxb5 f6 25. Bg3 Kf7 26. Rc1 Rhc8 27. Qc2 Rxa2 28. Qh7 c4 29. Qxh5+ Kg8 30. Qg4 Qd7 31. Rxc4 Ra1+ 32. Kf2 Qa7+ 33. Rbc5 Rxc5 34. Qxe6+ Kh8 35. Rh4# 1-0

[Event "Eastern Asia-ch U14 Girls"]
[Site "Tornelo INT"]
[Date "2021.10.24"]
[Round "9"]
[White "Cera, Dagaria"]
[Black "Charvi, Patidar"]
[Result "1-0"]
[WhiteElo "1465"]
[BlackElo "1217"]
[PlyCount "81"]
[EventDate "2021.10.22"]
[EventType "swiss"]
[EventRounds "9"]
[EventCountry "NET"]
[SourceTitle "EXT 2023"]
[Source "ChessBase"]
[SourceDate "2022.10.05"]
[SourceVersion "1"]
[SourceVersionDate "2022.10.05"]
[SourceQuality "1"]

1. e4 e6 2. d4 d5 3. Nd2 Nf6 4. e5 Nfd7 5. Ngf3 c5 6. c3 Nc6 7. Bd3 cxd4 8. cxd4 f6 9. exf6 Nxf6 10. 0-0 Bd6 11. Re1 0-0 12. Nb3 Qc7 13. h3 Bd7 14. Be3 Bf4 15. Bxf4 Qxf4 16. Nc5 Rfe8 17. Qc1 Qc7 18. Qc2 Nb4 19. Qb3 Nxd3 20. Qxd3 b6 21. Nb3 Rac8 22. Rac1 Qf4 23. Qd2 Qd6 24. Qe3 Bb5 25. Ne5 Nd7 26. Nxd7 Qxd7 27. Nd2 a5 28. Nf3 Qd6 29. Rxc8 Rxc8 30. Qxe6+ Qxe6 31. Rxe6 Rc6 32. Re8+ Kf7 33. Rb8 Ke6 34. Ne5 Rd6 35. Rb7 Kf6 36. Rf7+ Kg5 37. Rxg7+ Kh6 38. Re7 Kh5 39. Rxh7+ Kg5 40. Nf7+ Kg6 41. Nxd6 1-0

[Event "Eastern Asia-ch U14 Girls"]
[Site "Tornelo INT"]
[Date "2021.10.23"]
[Round "5"]
[White "Cera, Dagaria"]
[Black "Koh, Wei Le Gladys"]
[Result "1-0"]
[WhiteElo "1465"]
[BlackElo "1150"]
[PlyCount "51"]
[EventDate "2021.10.22"]
[EventType "swiss"]
[EventRounds "9"]
[EventCountry "NET"]
[SourceTitle "EXT 2023"]
[Source "ChessBase"]
[SourceDate "2022.10.05"]
[SourceVersion "1"]
[SourceVersionDate "2022.10.05"]
[SourceQuality "1"]

1. e4 c5 2. Nf3 Nc6 3. d4 cxd4 4. Nxd4 g6 5. Nc3 Bg7 6. Be3 Nf6 7. Bc4 0-0 8. Bb3 Re8 9. f3 e6 10. Qd2 d5 11. exd5 Nxd4 12. Bxd4 exd5+ 13. Ne2 b6 14. 0-0 Ba6 15. Rfe1 Qd7 16. Nc3 Bc4 17. Bxf6 Bxf6 18. Bxc4 Rxe1+ 19. Rxe1 d4 20. Nd5 Bg7 21. Re7 Qf5 22. Rxf7 Qxf7 23. Ne7+ Kf8 24. Bxf7 Kxf7 25. Qf4+ Ke8 26. Qe4 1-0

[Event "Eastern Asia-ch U14 Girls"]
[Site "Tornelo INT"]
[Date "2021.10.22"]
[Round "1"]
[White "Cera, Dagaria"]
[Black "Saparya, Ghosh"]
[Result "0-1"]
[WhiteElo "1465"]
[BlackElo "1151"]
[PlyCount "152"]
[EventDate "2021.10.22"]
[EventType "swiss"]
[EventRounds "9"]
[EventCountry "NET"]
[SourceTitle "EXT 2023"]
[Source "ChessBase"]
[SourceDate "2022.10.05"]
[SourceVersion "1"]
[SourceVersionDate "2022.10.05"]
[SourceQuality "1"]

1. e4 c5 2. Nf3 Nc6 3. d4 cxd4 4. Nxd4 Nf6 5. Nc3 e5 6. Ndb5 d6 7. Bg5 a6 8. Na3 b5 9. Bxf6 gxf6 10. Nd5 Bg7 11. Bd3 Ne7 12. Nxe7 Qxe7 13. c4 b4 14. Qa4+ Bd7 15. Qxb4 0-0 16. 0-0 Rfb8 17. Qd2 f5 18. Rad1 Bc6 19. exf5 e4 20. Bb1 e3 21. Qxe3 Qxe3 22. fxe3 Rxb2 23. e4 Re8 24. Rfe1 Bc3 25. Re3 Bb4 26. Kf1 f6 27. Rg3+ Kf7 28. Re3 Bc5 29. Rh3 Rf2+ 30. Ke1 Rxg2 31. Rxh7+ Kg8 32. Rh3 Bxe4 33. Rg3+ Rxg3 34. hxg3 Bxb1+ 35. Kd2 Bxf5 36. Nc2 Bxc2 37. Kxc2 Kf7 38. Rh1 Kg6 39. Rb1 Re2+ 40. Kb3 Re3+ 41. Kc2 Rxg3 42. Rb8 Kf5 43. Re8 Re3 44. Ra8 Ra3 45. Kb2 Ra4 46. Kb3 Rb4+ 47. Kc3 Rb6 48. a4 Rc6 49. Rb8 Kf4 50. Ra8 f5 51. Kd3 Kf3 52. Rh8 Rc7 53. Rh3+ Kg4 54. Rh8 Rg7 55. Ra8 f4 56. Rxa6 Kg3 57. Ra8 f3 58. Rf8 Kg2 59. a5 f2 60. a6 f1Q+ 61. Rxf1 Kxf1 62. Ke4 Ra7 63. Kd5 Rxa6 64. Ke6 Ke2 65. Kd5 Kd3 66. Ke6 Kxc4 67. Kf5 d5 68. Kg5 d4 69. Kh5 d3 70. Kg5 d2 71. Kh5 d1Q+ 72. Kg5 Qd5+ 73. Kh4 Bf2+ 74. Kg4 Rg6+ 75. Kh3 Qf3+ 76. Kh2 Qg2# 0-1

[Event "Mumbai Wealth U13 op 5th"]
[Site "Mumbai"]
[Date "2020.01.06"]
[Round "8"]
[White "Cera, Dagaria"]
[Black "Laddha, Yash Jayesh"]
[Result "0-1"]
[WhiteElo "1510"]
[BlackElo "1981"]
[PlyCount "114"]
[EventDate "2019.12.30"]
[EventType "swiss"]
[EventRounds "9"]
[EventCountry "IND"]
[SourceTitle "CBM 194 Extra"]
[Source "ChessBase"]
[SourceDate "2020.03.31"]
[SourceVersion "1"]
[SourceVersionDate "2020.03.31"]
[SourceQuality "1"]

1. e4 c5 2. Nf3 d6 3. d4 cxd4 4. Nxd4 Nf6 5. Nc3 g6 6. Bd3 Bg7 7. f3 0-0 8. Be3 Nc6 9. Qd2 d5 10. exd5 Nxd5 11. Nxc6 bxc6 12. Nxd5 cxd5 13. c3 Be6 14. 0-0 d4 15. cxd4 Bxd4 16. Be4 Bxe3+ 17. Qxe3 Rb8 18. b3 Qa5 19. Rfd1 Rbd8 20. Qf2 a6 21. Qe2 Rc8 22. Rac1 Rxc1 23. Rxc1 Rd8 24. Bd3 Qb4 25. Qe3 Qa3 26. Rc2 a5 27. Be2 a4 28. Qb6 Rd6 29. Qb8+ Kg7 30. bxa4 Qe3+ 31. Kf1 Rb6 32. Rc3 Qxe2+ 33. Kxe2 Rxb8 34. Rc7 Rb2+ 35. Kf1 Rxa2 36. Ra7 Kf6 37. a5 h5 38. Kg1 h4 39. Ra8 Bc4 40. Ra7 e5 41. Ra8 Kf5 42. g3 h3 43. Rc8 Bb5 44. Rc5 Rxa5 45. f4 f6 46. Kf2 Ra2+ 47. Ke1 Bd3 48. fxe5 fxe5 49. Rc8 Rxh2 50. Rf8+ Ke4 51. Rf2 Rh1+ 52. Kd2 h2 53. g4 Rd1+ 54. Kxd1 h1Q+ 55. Kd2 Qb1 56. Rf7 Qc2+ 57. Ke1 Qe2# 0-1

[Event "Mumbai Wealth U13 op 5th"]
[Site "Mumbai"]
[Date "2020.01.05"]
[Round "7"]
[White "Mevada, Malay"]
[Black "Cera, Dagaria"]
[Result "1/2-1/2"]
[WhiteElo "1362"]
[BlackElo "1510"]
[PlyCount "120"]
[EventDate "2019.12.30"]
[EventType "swiss"]
[EventRounds "9"]
[EventCountry "IND"]
[SourceTitle "CBM 194 Extra"]
[Source "ChessBase"]
[SourceDate "2020.03.31"]
[SourceVersion "1"]
[SourceVersionDate "2020.03.31"]
[SourceQuality "1"]

1. e4 c5 2. Nf3 Nc6 3. d4 cxd4 4. c3 d3 5. Bxd3 d6 6. 0-0 Bg4 7. h3 Bh5 8. Be3 e6 9. Nbd2 Nf6 10. Qb3 Qc7 11. Nh2 d5 12. f4 dxe4 13. Nxe4 Nxe4 14. Bxe4 Bd6 15. c4 0-0 16. c5 Be7 17. Kh1 Rad8 18. g4 Bg6 19. f5 exf5 20. gxf5 Bh5 21. Rac1 Qe5 22. Qc2 Nd4 23. Bxd4 Rxd4 24. Bxb7 Bg5 25. Rce1 Qc7 26. Bg2 Qg3 27. Qc3 Qh4 28. Nf3 Bxf3 29. Qxf3 Bd8 30. Re4 Rxe4 31. Qxe4 Qf6 32. b4 Bc7 33. a4 Qc3 34. Rf3 Qa1+ 35. Rf1 Qc3 36. Bf3 Qd2 37. Be2 Qh6 38. Qg4 Qc6+ 39. Bf3 Qxa4 40. f6 g6 41. Qg5 Kh8 42. Qg4 Qc2 43. Bg2 Qc3 44. Qe4 Qg3 45. Kg1 Qh2+ 46. Kf2 Kg8 47. Rd1 Qg3+ 48. Kg1 Qc3 49. Rd7 Qg3 50. Kf1 Bb8 51. Rxf7 Rd8 52. Rd7 Rf8 53. Rf7 Rd8 54. Rd7 Rf8 55. Rg7+ Kh8 56. Rxh7+ Kxh7 57. Qe7+ Kh6 58. Qxf8+ Kg5 59. h4+ Kf5 60. Qc8+ Kxf6 1/2-1/2

[Event "Mumbai Wealth U13 op 5th"]
[Site "Mumbai"]
[Date "2020.01.04"]
[Round "6"]
[White "Cera, Dagaria"]
[Black "Kudakala, Venkata Drakshanya"]
[Result "1-0"]
[WhiteElo "1510"]
[BlackElo "1248"]
[PlyCount "139"]
[EventDate "2019.12.30"]
[EventType "swiss"]
[EventRounds "9"]
[EventCountry "IND"]
[SourceTitle "CBM 194 Extra"]
[Source "ChessBase"]
[SourceDate "2020.03.31"]
[SourceVersion "1"]
[SourceVersionDate "2020.03.31"]
[SourceQuality "1"]

1. e4 e6 2. d4 d5 3. Nd2 Nf6 4. e5 Nfd7 5. Ngf3 c5 6. c3 Nc6 7. Bd3 Qb6 8. 0-0 cxd4 9. cxd4 Nxd4 10. Nxd4 Qxd4 11. Nf3 Qb6 12. Qa4 Qb4 13. Qc2 h6 14. Bd2 Qc5 15. Qa4 Qc7 16. Rac1 Qd8 17. Rfe1 b6 18. Nd4 Bb7 19. Nxe6 Qb8 20. Rc7 Bc8 21. Bb5 fxe6 22. Bxd7+ Ke7 23. Rxc8 Qb7 24. Bb4+ Kf7 25. Be8+ Kg8 26. Rxa8 Qxa8 27. Qd7 Kh7 28. Qxe6 Rg8 29. Bf7 Bxb4 30. Bxg8+ Qxg8 31. Qxg8+ Kxg8 32. Rd1 Kf7 33. Rxd5 Ke6 34. Rd4 Bc5 35. Re4 a5 36. Kf1 Kf5 37. Re2 Ke6 38. Ke1 g5 39. Re4 Kf5 40. f3 Ke6 41. g3 Bf8 42. Ke2 Bc5 43. h3 Bf8 44. f4 Be7 45. Kf3 gxf4 46. gxf4 h5 47. Rd4 Bc5 48. Rd8 Kf5 49. Rh8 Kg6 50. Ke4 Bf2 51. f5+ Kg5 52. f6 Kg6 53. e6 Kxf6 54. Rf8+ Kxe6 55. Rxf2 h4 56. Rf4 b5 57. Rxh4 b4 58. Rh6+ Kf7 59. Kf5 Kg7 60. Rg6+ Kf7 61. Ra6 Ke7 62. h4 a4 63. h5 a3 64. b3 Kd7 65. h6 Kc7 66. h7 Kb7 67. Rg6 Kc7 68. h8Q Kb7 69. Qh7+ Kc8 70. Rg8# 1-0

[Event "Mumbai Wealth U13 op 5th"]
[Site "Mumbai"]
[Date "2020.01.02"]
[Round "4"]
[White "Cera, Dagaria"]
[Black "Darsh, Shetty"]
[Result "1-0"]
[WhiteElo "1510"]
[BlackElo "1227"]
[PlyCount "95"]
[EventDate "2019.12.30"]
[EventType "swiss"]
[EventRounds "9"]
[EventCountry "IND"]
[SourceTitle "CBM 194 Extra"]
[Source "ChessBase"]
[SourceDate "2020.03.31"]
[SourceVersion "1"]
[SourceVersionDate "2020.03.31"]
[SourceQuality "1"]

1. e4 c5 2. Nf3 g6 3. d4 cxd4 4. Qxd4 Nf6 5. Nc3 Nc6 6. Qa4 d6 7. e5 dxe5 8. Nxe5 Bd7 9. Nxd7 Qxd7 10. Be3 Bg7 11. Rd1 Qc7 12. Nb5 Qe5 13. Nd4 0-0 14. Nxc6 bxc6 15. Qd4 Qa5+ 16. Bd2 e5 17. Qc4 Qb6 18. b3 Nd5 19. Be2 Rad8 20. 0-0 Rfe8 21. Bf3 Qb7 22. Qa4 Re6 23. Be3 Ra8 24. Bd2 Rd8 25. c4 Nb6 26. Qb4 Bf8 27. Qa5 Rd7 28. Be3 e4 29. Be2 Nc8 30. c5 Re5 31. Ba6 Rxd1 32. Bxb7 Red5 33. g3 Ne7 34. Qxa7 R1d3 35. Qa8 Rh5 36. Bxc6 Nxc6 37. Qxc6 Rdd5 38. Qa8 Rdf5 39. g4 Rh4 40. gxf5 Kg7 41. f6+ Kxf6 42. Qxf8 Rg4+ 43. Kh1 h5 44. Qd6+ Kg7 45. Bd4+ Kh7 46. Qf8 f6 47. Bxf6 Rg1+ 48. Rxg1 1-0

[Event "Western Asia-ch U12 Girls"]
[Site "Delhi"]
[Date "2019.09.08"]
[Round "6"]
[White "Cera, Dagaria"]
[Black "Kheerthi, Ganta"]
[Result "0-1"]
[WhiteElo "1445"]
[BlackElo "1490"]
[PlyCount "92"]
[EventDate "2019.09.06"]
[EventType "swiss"]
[EventRounds "9"]
[EventCountry "IND"]
[SourceTitle "CBM 192 Extra"]
[Source "Chessbase"]
[SourceDate "2019.11.06"]
[SourceVersion "1"]
[SourceVersionDate "2019.11.06"]
[SourceQuality "1"]

1. e4 c6 2. d4 d5 3. exd5 cxd5 4. c4 Nf6 5. Nc3 e6 6. Bg5 Bb4 7. Qb3 Bxc3+ 8. bxc3 Nbd7 9. Nf3 0-0 10. Bd3 Qc7 11. 0-0 dxc4 12. Bxc4 b6 13. Rac1 Bb7 14. Be2 Ne4 15. Be3 e5 16. g3 Nef6 17. Rfe1 exd4 18. cxd4 Qd6 19. Bf4 Qd5 20. Rc3 Qxb3 21. axb3 Nd5 22. Rcc1 Nxf4 23. gxf4 Bd5 24. Rc3 Rac8 25. Rec1 Rxc3 26. Rxc3 Nf6 27. Ne5 Be6 28. Bc4 Rc8 29. f5 Bd5 30. Rg3 Rd8 31. Rd3 Kf8 32. f3 Ne8 33. Kf2 f6 34. Ng4 Nc7 35. Ne3 a5 36. Rd2 Bb7 37. d5 Ke7 38. b4 b5 39. Bb3 axb4 40. Rd4 Na6 41. Re4+ Kd7 42. Rg4 Nc5 43. Rxb4 Nd3+ 44. Ke2 Nxb4 45. Kd2 Kd6 46. Kc3 Nxd5+ 0-1

[Event "Commonwealth-ch U12 Girls"]
[Site "New Delhi"]
[Date "2019.07.02"]
[Round "2.2"]
[White "Akshaya, Rajaraman"]
[Black "Cera, Dagaria"]
[Result "0-1"]
[WhiteElo "1523"]
[BlackElo "1395"]
[PlyCount "144"]
[EventDate "2019.07.01"]
[EventType "swiss"]
[EventRounds "7"]
[EventCountry "IND"]
[SourceTitle "EXT 2024"]
[Source "ChessBase"]
[SourceDate "2023.10.10"]
[SourceVersion "1"]
[SourceVersionDate "2023.10.10"]
[SourceQuality "1"]

1. e4 c5 2. Nf3 Nc6 3. d4 cxd4 4. Nxd4 Nf6 5. Nc3 e5 6. Ndb5 d6 7. Bg5 a6 8. Na3 b5 9. Nd5 Be7 10. Bxf6 Bxf6 11. c3 Bg5 12. Nc2 Be6 13. Be2 0-0 14. Nce3 Ne7 15. Nxe7+ Bxe7 16. 0-0 Qb6 17. Bg4 Rad8 18. Bxe6 fxe6 19. Qb3 Rf6 20. a4 Rg6 21. axb5 axb5 22. Nf5 Bf8 23. Rad1 d5 24. Ne3 d4 25. cxd4 exd4 26. Nc2 Bc5 27. Qd3 Rf8 28. b4 Be7 29. Qxd4 Qc7 30. Na3 Qb7 31. Nc2 Rc8 32. Rc1 Rc4 33. Qe3 Bg5 34. f4 Rxe4 35. Qd3 Rxf4 36. g3 Rh4 37. Qxg6 hxg6 38. gxh4 Bxc1 39. Rxc1 Qe4 40. h3 Qxh4 41. Re1 Qg3+ 42. Kh1 Qxh3+ 43. Kg1 Qg4+ 44. Kf2 Qf4+ 45. Kg1 e5 46. Re2 g5 47. Rf2 Qg4+ 48. Kf1 e4 49. Ne3 Qd7 50. Re2 g6 51. Rf2 Qd3+ 52. Re2 g4 53. Kf2 g3+ 54. Kf1 Kh7 55. Ke1 Qc3+ 56. Kf1 Qxb4 57. Kg2 Qd6 58. Nf1 Qd3 59. Re3 Qc2+ 60. Kxg3 b4 61. Re1 b3 62. Ne3 Qc7+ 63. Kg2 b2 64. Rb1 Qc1 65. Rxc1 bxc1Q 66. Ng4 Qd2+ 67. Kh1 Qd1+ 68. Kh2 Qxg4 69. Kh1 e3 70. Kh2 e2 71. Kh1 e1Q+ 72. Kh2 Qeh4# 0-1

[Event "IND-ch U13 Girls 33rd"]
[Site "Visakhapatnam"]
[Date "2019.05.12"]
[Round "11"]
[White "Meenatchi Rajam, V."]
[Black "Cera, Dagaria"]
[Result "1-0"]
[WhiteElo "1714"]
[BlackElo "1433"]
[PlyCount "85"]
[EventDate "2019.05.04"]
[EventType "swiss"]
[EventRounds "11"]
[EventCountry "IND"]
[SourceTitle "CBM 190 Extra"]
[Source "ChessBase"]
[SourceDate "2019.07.15"]
[SourceVersion "1"]
[SourceVersionDate "2019.07.15"]
[SourceQuality "1"]

1. Nf3 c5 2. d4 cxd4 3. Nxd4 Nc6 4. c4 g6 5. e4 Bg7 6. Be3 d6 7. Nc3 Nf6 8. Be2 Nxd4 9. Bxd4 0-0 10. 0-0 Nd7 11. Bxg7 Kxg7 12. Kh1 Nf6 13. Rc1 b6 14. f4 Bb7 15. Bf3 Kg8 16. Qe2 a6 17. Rfd1 Qc7 18. Nd5 Nxd5 19. cxd5 Qd8 20. Bg4 Kh8 21. f5 Rg8 22. Qe3 f6 23. fxg6 Rxg6 24. Bf5 Rg7 25. Qh3 a5 26. Rc3 Ba6 27. Rdc1 Ra7 28. Rc8 Bxc8 29. Rxc8 Qxc8 30. Bxc8 Rc7 31. g3 Rc1+ 32. Kg2 Rc2+ 33. Kf3 Rxb2 34. Qh5 Rg5 35. Qe8+ Rg8 36. Qxe7 Rc2 37. Be6 Rc3+ 38. Kf4 Rcc8 39. Qxf6+ Rg7 40. Bxc8 Kg8 41. Be6+ Kh8 42. Qf8+ Rg8 43. Qxg8# 1-0

[Event "IND-ch U13 Girls 31st"]
[Site "Jalandhar"]
[Date "2017.06.24"]
[Round "6"]
[White "Cera, Dagaria"]
[Black "Sahithya, G."]
[Result "0-1"]
[WhiteElo "1165"]
[BlackElo "1504"]
[PlyCount "104"]
[EventDate "2017.06.21"]
[EventType "swiss"]
[EventRounds "11"]
[EventCountry "IND"]
[SourceTitle "CBM 179 Extra"]
[Source "ChessBase"]
[SourceDate "2017.08.23"]
[SourceVersion "1"]
[SourceVersionDate "2017.08.23"]
[SourceQuality "1"]

1. Nf3 Nf6 2. d4 e6 3. Bf4 d5 4. Nc3 a6 5. e3 c5 6. Bd3 c4 7. Be2 Bd6 8. Ne5 Nc6 9. a3 Qc7 10. Nxc6 Bxf4 11. exf4 bxc6 12. Qd2 Rb8 13. Rb1 0-0 14. 0-0 Rd8 15. Na4 Ne4 16. Qe3 Qa5 17. Nc3 Nxc3 18. Qxc3 Qc7 19. Qe3 Bd7 20. Qe5 Qa7 21. Qe3 Rbc8 22. c3 c5 23. dxc5 Qxc5 24. Qxc5 Rxc5 25. Rfc1 Rb8 26. h3 Rc7 27. g4 Rcb7 28. Rc2 Rb3 29. Rd2 Rxc3 30. bxc3 Rxb1+ 31. Kh2 Be8 32. Rd1 Rb3 33. Rc1 Rxa3 34. f5 exf5 35. gxf5 Ra2 36. Re1 Kf8 37. Kg3 Rc2 38. Bf3 Rxc3 39. Kg2 d4 40. Bd1 Rc1 41. Kf1 c3 42. Be2 Rxe1+ 43. Kxe1 Bb5 44. Bd1 d3 45. Bb3 d2+ 46. Kd1 Bc6 47. Bc4 Ba4+ 48. Ke2 d1Q+ 49. Ke3 c2 50. Ke4 c1Q 51. Bxa6 Qc6+ 52. Ke3 Qcf3# 0-1

[Event "IND-ch U13 Girls 31st"]
[Site "Jalandhar"]
[Date "2017.06.21"]
[Round "1"]
[White "Jyothsna, L."]
[Black "Cera, Dagaria"]
[Result "1-0"]
[WhiteElo "1957"]
[BlackElo "1165"]
[PlyCount "119"]
[EventDate "2017.06.21"]
[EventType "swiss"]
[EventRounds "11"]
[EventCountry "IND"]
[SourceTitle "CBM 179 Extra"]
[Source "ChessBase"]
[SourceDate "2017.08.23"]
[SourceVersion "1"]
[SourceVersionDate "2017.08.23"]
[SourceQuality "1"]

1. d4 Nf6 2. c4 g6 3. Nc3 Bg7 4. Nf3 d6 5. e3 0-0 6. Be2 Nbd7 7. 0-0 c6 8. b3 e5 9. Bb2 Qa5 10. a3 Qc7 11. Rc1 b6 12. Qc2 a5 13. Qb1 Ba6 14. Rfd1 exd4 15. Nxd4 Nc5 16. b4 axb4 17. axb4 Ncd7 18. b5 c5 19. bxa6 cxd4 20. Nb5 Qb8 21. a7 Qd8 22. Bxd4 d5 23. cxd5 Nxd5 24. Bxg7 Kxg7 25. Rxd5 Qe7 26. Bf3 Rad8 27. Rc7 Kg8 28. Rdxd7 Rxd7 29. Rxd7 Qxd7 30. a8Q Rxa8 31. Bxa8 Kg7 32. Nd4 Qa7 33. Bd5 Qa5 34. Bc4 Qc3 35. Bf1 Qc5 36. Qb5 Qc7 37. Nc6 h6 38. Qe5+ Qxe5 39. Nxe5 f6 40. Nd7 b5 41. Bxb5 Kf7 42. f4 Ke6 43. g4 f5 44. gxf5+ gxf5 45. Ne5 Kf6 46. Bd7 h5 47. h4 Ke7 48. Bxf5 Kf6 49. Bd3 Ke6 50. Nf3 Kf6 51. e4 Ke6 52. f5+ Kf6 53. e5+ Ke7 54. f6+ Kf7 55. Ng5+ Kf8 56. e6 Ke8 57. Nf7 Kf8 58. Nd6 Kg8 59. e7 Kh8 60. e8Q# 1-0